000 00301nam a2200097Ia 4500
008 241105s9999 xx 000 0 und d
041 _aeng
100 _aKolhe Sayali
_9184205
245 _aAn Abode Of Hillscapes In Urban Fringe Of Nashik City
260 _bBNCA M Arch Landscapes Architecture, Pune
_c2021
999 _c362048
_d362048